Economics (Record no. 22232)

MARC details
000 -LEADER
fixed length control field 00397nam a22001697a 4500
003 - CONTROL NUMBER IDENTIFIER
control field OSt
005 - DATE AND TIME OF LATEST TRANSACTION
control field 20211210100214.0
008 - FIXED-LENGTH DATA ELEMENTS--GENERAL INFORMATION
fixed length control field 211210b |||||||| |||| 00| 0 eng d
020 ## - INTERNATIONAL STANDARD BOOK NUMBER
International Standard Book Number 9780071287753
040 ## - CATALOGING SOURCE
Transcribing agency HU
082 ## - DEWEY DECIMAL CLASSIFICATION NUMBER
Classification number 330 COL 2008
100 ## - MAIN ENTRY--PERSONAL NAME
Personal name Colander, David C.
9 (RLIN) 8910
245 ## - TITLE STATEMENT
Title Economics
260 ## - PUBLICATION, DISTRIBUTION, ETC.
Date of publication, distribution, etc. 2008
300 ## - PHYSICAL DESCRIPTION
Extent XXXV818P
Other physical details G,Index,pc
Dimensions 27cm
942 ## - ADDED ENTRY ELEMENTS (KOHA)
Source of classification or shelving scheme Dewey Decimal Classification
Koha item type Books like text book referance book
Suppress in OPAC No
Holdings
Withdrawn status Lost status Source of classification or shelving scheme Damaged status Not for loan Collection code Home library Current library Shelving location Date acquired Total Checkouts Full call number Barcode Date last seen Copy number Price effective from Koha item type
    Dewey Decimal Classification Damaged   Reference Wondo Genet Library Wondo Genet Library General Stacks 12/10/2021   330 COL 2008 WGCFNRL00007418 12/10/2021 1 12/10/2021 Books like text book referance book